000 00351nam a22001457a 4500
003 SGT
020 _a9788198864437
082 _a617.69
_bR25S
100 _aSharma, Divya
245 _aThe Role of Tilted implants in full Arch rehabilitation
260 _bHeal talk Publications
_c2025
300 _a62
650 _aProsthodontics
942 _2ddc
_cBK
999 _c34201
_d34201